000 00633nam a22002177a 4500
003 BUBTL
008 200114b xxu||||| |||| 00| 0 eng d
020 _a978-0-13-376003-3
082 _a621.3192/TK545n
100 _aNillsson, W. James
_92927
245 _aElectric Circuits
_bJanes W. Nillsson, Susan A. Riedel
250 _a10th
260 _aNew York
_bPearson
_cc2015
300 _axxii , 792p . :
_bill . ;
_c24cm.
500 _aIncludes Index
650 _aE E E
_92928
700 _aJanes W. Nillsson, Susan A. Riedel
_92929
856 _k0
_l0
_yDownload
942 _2ddc
_cBK
999 _c6238
_d6238